| 000 | 00684nam a2200217 a 4500 | ||
|---|---|---|---|
| 001 | 26569 | ||
| 003 | CO-ViMGA | ||
| 008 | 141112s2004 ck r 000 u spa d | ||
| 020 | _a9789681647964 | ||
| 040 |
_aCO-ViMGA _bspa _cCO-ViMGA |
||
| 090 | _aC CAR10 | ||
| 100 | 1 |
_aCarballido, Emilio _95988 |
|
| 245 | 1 | 0 |
_aLa historia de Sputnik y David / _cEmilio Carballido ; ilustraciones de María Figueroa |
| 250 | _a2 | ||
| 260 |
_aMéxico : _bFondo de Cultura Económica |
||
| 300 | _a48 p. : il. ; 19 cm. | ||
| 490 | _aA la orilla del viento. Para los que empiezan a leer ; 12 | ||
| 650 | 1 | 4 | _aCUENTOS INFANTILES MEXICANOS |
| 700 | 1 |
_aFigueroa, María, il. _95989 |
|
| 942 |
_2ddc _cBK |
||
| 999 |
_c11071 _d11071 |
||